Outsourcing ako metóda na skvalitnenie podnikových procesov s dôrazom na marketingové činnosti inauguračná prednáška

Salvato in:
Dettagli Bibliografici
Autore principale: Daňo, Ferdinand, 1959-
Ente Autore: Obchodná fakulta EU. Katedra marketingu
Natura: Libro
Lingua:slovacco
Pubblicazione: Bratislava 2006
Serie:Habilitačné a inauguračné prednášky
Soggetti:
Tags: Aggiungi Tag
Nessun Tag, puoi essere il primo ad aggiungerne!!

MARC

LEADER 00000nam$a2200000$$$4500
001 0055684
005 20240502071632.8
041 0 |a slo 
044 |a SK 
245 1 0 |a Outsourcing ako metóda na skvalitnenie podnikových procesov s dôrazom na marketingové činnosti  |b inauguračná prednáška  |c Ferdinand Daňo 
264 1 |a Bratislava  |c 2006 
300 |a 52 s. 
490 1 |a Habilitačné a inauguračné prednášky 
830 0 |a Habilitačné a inauguračné prednášky 
610 2 0 |a outsourcing 
610 2 0 |a marketing 
610 2 0 |a manažment 
610 2 0 |a komunikácia marketingová 
610 2 0 |a výskum trhu 
100 1 |a Daňo, Ferdinand, 1959- 
710 2 |a Obchodná fakulta EU. Katedra marketingu